Teoreticko-metodologické aspekty klastrů

Výsledky výskumu klastrov a klastrových iniciatív v Pardubickom kraji. Identifikácia rozdielov medzi klastrami a klastrovými iniciatívami a predpoklady klastrových iniciatív. Metodológia výskumu - forma, obsah a kladenie otázok pre výskum klastrov. Závery a skúsenosti z výskumu, ktoré sú relevantné...

Full description

Saved in:
Bibliographic Details
Main Author: Buček, Milan
Other Authors: Kovárník, Jaroslav
Format: Book Chapter
Language:Czech
Subjects:
Tags: Add Tag
No Tags, Be the first to tag this record!

MARC

LEADER 00000nla$a2200000$$$4500
001 0082742
005 20240502083220.1
041 0 |a cze 
044 |a CZ 
245 1 0 |a Teoreticko-metodologické aspekty klastrů  |c Milan Buček, Jaroslav Kovárník 
520 |a Výsledky výskumu klastrov a klastrových iniciatív v Pardubickom kraji. Identifikácia rozdielov medzi klastrami a klastrovými iniciatívami a predpoklady klastrových iniciatív. Metodológia výskumu - forma, obsah a kladenie otázok pre výskum klastrov. Závery a skúsenosti z výskumu, ktoré sú relevantné aj pre aplikáciu v cestovnom ruchu. 
610 2 0 |a klaster 
610 2 0 |a spolupráca podnikov 
610 2 0 |a regióny 
610 2 0 |a konkurencieschopnosť 
610 2 0 |a inovácia 
610 2 0 |a výskum 
610 2 0 |a Česko 
100 1 |a Buček, Milan 
700 1 |a Kovárník, Jaroslav